| 000 | 00000nam 2200000za 4500 |
| 001 | 9.662233 |
| 003 | CaOODSP |
| 005 | 20210615120440 |
| 007 | ta |
| 008 | 150407|2000||||xxc||||| f|0| 0 eng d |
| 020 | |a0-662-65278-9 |
| 040 | |aCaOODSP|beng |
| 041 | |aeng |
| 041 | |afre |
| 043 | |an-cn--- |
| 086 | 1 |aSE1-2/2000-1 |
| 245 | 00|aReport of the Chief Electoral Officer of Canada following the September 11, 2000 by-elections held in Kings-Hants and Okanagan-Coquihalla. |
| 260 | |aOttawa : |bElections Canada, |c2000. |
| 546 | |aBilingual |
| 563 | |aSoftcover |
| 590 | |a01-09|b2001-03-02 |
| 690 | 07|aBy-elections|2gcpds |
| 690 | 07|aElectoral system|2gcpds |
| 710 | 2 |aElections Canada. |
| 776 | 0#|tRapport du directeur général des élections du Canada sur les élections partielles tenues le 11 septembre 2000 dans Kings-Hants et Okanagan-Coquihalla |w(CaOODSP)9.639935 |
| 776 | 0#|tReport of the Chief Electoral Officer of Canada following the September 11, 2000 by-elections held in Kings-Hants and Okanagan-Coquihalla |w(CaOODSP)9.695838 |
| 792 | |tRapport du directeur général des élections du Canada sur les élections partielles tenues le 11 septembre 2000 dans Kings-Hants et Okanagan-Coquihalla.|efre|w(CaOODSP)9.662234 |